[Event "Ostravsky Konik 2021"]
[Site "Ostrava, Dům kultury města O"]
[Date "2021.08.07"]
[Round "1.1"]
[White "Berezjuk, Sergej"]
[Black "Jires, Jiri"]
[Result "1-0"]
[WhiteElo "2409"]
[BlackElo "2144"]
[PlyCount "77"]
[EventDate "2021.??.??"]

1. c4 Nf6 2. Nc3 g6 3. Nf3 Bg7 4. e4 d6 5. d4 O-O 6. h3 e5 7. d5 a5 8. Be3 Na6
9. Nd2 Nd7 10. Bd3 f5 11. Nf3 Ndc5 12. Bb1 Bd7 13. Nd2 Qh4 14. Qe2 Rab8 15. a3
c6 16. Bc2 cxd5 17. Bxc5 Nxc5 18. Nxd5 b5 19. b4 Nxe4 20. Bxe4 fxe4 21. Nxe4
bxc4 22. O-O axb4 23. axb4 Be6 24. Qxc4 Kh8 25. f3 Rfc8 26. Qd3 Bxd5 27. Qxd5
Rxb4 28. Nxd6 Rf8 29. Nf7+ Rxf7 30. Qxf7 Rb8 31. Ra7 Qh6 32. Rd1 Rf8 33. Qe7
Bf6 34. Qc5 e4 35. fxe4 Bg5 36. Kh1 Kg8 37. Qc4+ Kh8 38. Rdd7 Rb8 39. Qd4+ 1-0

[Event "Ostravsky Konik 2021"]
[Site "Ostrava, Dům kultury města O"]
[Date "2021.08.07"]
[Round "1.2"]
[White "Lys, Josef"]
[Black "Matyas, Marek"]
[Result "0-1"]
[WhiteElo "2119"]
[BlackElo "2369"]
[PlyCount "52"]
[EventDate "2021.??.??"]

1. d4 Nf6 2. c4 c5 3. Nf3 cxd4 4. Nxd4 e5 5. Nb5 d5 6. cxd5 Bc5 7. N5c3 O-O 8.
e3 e4 9. Nd2 Re8 10. a3 Bf5 11. b4 Bf8 12. Qb3 Nbd7 13. Nc4 Rc8 14. Bb2 Ng4 15.
Be2 Qh4 16. Bxg4 Qxg4 17. O-O Rxc4 18. Qxc4 Ne5 19. Qc7 Qg6 20. Nb5 Bh3 21. g3
Nf3+ 22. Kh1 Qh5 23. g4 Bxg4 24. Qg3 Rd8 25. Rg1 Nxg1 26. Kxg1 Rxd5 0-1

[Event "Ostravsky Konik 2021"]
[Site "Ostrava, Dům kultury města O"]
[Date "2021.08.07"]
[Round "1.3"]
[White "Hausner, Ivan"]
[Black "Pilch, Roman"]
[Result "1-0"]
[WhiteElo "2336"]
[BlackElo "2108"]
[PlyCount "57"]
[EventDate "2021.??.??"]

1. e4 c6 2. c4 d5 3. exd5 cxd5 4. cxd5 Nf6 5. Bb5+ Nbd7 6. Nc3 a6 7. Be2 Nb6 8.
Nf3 Nbxd5 9. O-O Bg4 10. Qb3 Rb8 11. Nxd5 Nxd5 12. Re1 Qa5 13. Bc4 Bxf3 14.
Qxf3 Nf6 15. b3 e6 16. Bb2 Be7 17. Be5 O-O 18. Bxb8 Rxb8 19. d4 b5 20. Bf1 Nd5
21. a4 bxa4 22. bxa4 Rb4 23. Rec1 Rxa4 24. Rc8+ Bf8 25. Rb1 Rb4 26. Rbc1 Nb6
27. R1c7 f6 28. Rxf8+ Kxf8 29. Qg3 1-0

[Event "Ostravsky Konik 2021"]
[Site "Ostrava, Dům kultury města O"]
[Date "2021.08.07"]
[Round "1.4"]
[White "Taus, Martin"]
[Black "Vesselovsky, Serguei"]
[Result "0-1"]
[WhiteElo "2099"]
[BlackElo "2316"]
[PlyCount "151"]
[EventDate "2021.??.??"]

1. d4 Nf6 2. Nc3 d6 3. e4 c6 4. a4 e5 5. Nge2 Be7 6. g3 O-O 7. Bg2 a5 8. O-O
Na6 9. h3 Re8 10. Be3 Qc7 11. g4 Nd7 12. f4 Nb4 13. Qd2 exf4 14. Nxf4 Bg5 15.
Rae1 Nf8 16. Qf2 f6 17. Nh5 Ng6 18. Bxg5 fxg5 19. Qd2 Be6 20. Rf2 h6 21. b3 Rf8
22. Ref1 Rxf2 23. Rxf2 Rf8 24. Rxf8+ Kxf8 25. Ne2 Qf7 26. c3 Na6 27. c4 Nb4 28.
d5 cxd5 29. exd5 Bd7 30. Qd4 Qe7 31. Be4 Ne5 32. Kg2 Na6 33. Bc2 Nc5 34. Nhg3
g6 35. Nc3 Qf6 36. Qe3 Qf4 37. Qxf4+ gxf4 38. Nge4 Nxe4 39. Nxe4 Ke7 40. Kf2 g5
41. Kg2 b6 42. Nf2 Be8 43. Bf5 Nd7 44. Ne4 Nc5 45. Nd2 Kf6 46. Bc2 Bg6 47. Bxg6
Kxg6 48. h4 gxh4 49. Kh3 Kg5 50. Nf3+ Kf6 51. Kxh4 Nxb3 52. Kh5 Kg7 53. g5 hxg5
54. Kxg5 Nc5 55. Kxf4 Kf6 56. Nd4 Ke7 57. Nb5 Nxa4 58. Kf5 Nc5 59. Kg6 Nd3 60.
Na3 Ne5+ 61. Kf5 a4 62. Kg5 Nd3 63. Kg6 Nc5 64. Kg7 Na6 65. Nb5 Nc7 66. Na3 b5
67. cxb5 Nxd5 68. Kg6 Ke6 69. Kg5 Nb6 70. Kf4 Kd5 71. Ke3 Kc5 72. Kd3 Kb4 73.
Nc2+ Kb3 74. Nd4+ Kb2 75. Nf5 a3 76. Kd4 0-1

[Event "Ostravsky Konik 2021"]
[Site "Ostrava, Dům kultury města O"]
[Date "2021.08.07"]
[Round "1.5"]
[White "Michenka, Jozef"]
[Black "Olsar, Robin"]
[Result "1-0"]
[WhiteElo "2300"]
[BlackElo "2095"]
[PlyCount "59"]
[EventDate "2021.??.??"]

1. d4 e6 2. Nf3 f5 3. g3 Nf6 4. Bg2 d5 5. Bf4 Bd6 6. e3 O-O 7. O-O b6 8. c4 Ba6
9. Nbd2 Nbd7 10. Rc1 Qe7 11. Qa4 Bb7 12. Bxd6 cxd6 13. cxd5 Bxd5 14. Rc7 Rfc8
15. Rfc1 Rxc7 16. Rxc7 Qd8 17. Rxa7 Rxa7 18. Qxa7 Qc8 19. Ng5 Qc1+ 20. Nf1 Bxg2
21. Kxg2 Qc6+ 22. Kg1 e5 23. Qa3 h6 24. Qb3+ Kh8 25. Nf7+ Kh7 26. Qe6 Qf3 27.
Nxd6 f4 28. dxe5 Ng4 29. Qf5+ g6 30. Qxd7+ 1-0

[Event "Ostravsky Konik 2021"]
[Site "Ostrava, Dům kultury města O"]
[Date "2021.08.07"]
[Round "1.6"]
[White "Snyta, Zdenek"]
[Black "Tylecek, Drahomir"]
[Result "0-1"]
[WhiteElo "1994"]
[BlackElo "1811"]
[PlyCount "68"]
[EventDate "2021.??.??"]

1. e4 e5 2. Nc3 Nc6 3. Bc4 Nf6 4. d3 Be7 5. Nf3 d6 6. h3 Be6 7. Be3 Bxc4 8.
dxc4 Qd7 9. Qe2 O-O-O 10. O-O-O h6 11. Kb1 Qe6 12. Nd2 Rhe8 13. Nd5 Kb8 14. g4
Bf8 15. f3 Ne7 16. Bf2 Nfxd5 17. cxd5 Qd7 18. Qe3 Nc8 19. Qb3 Nb6 20. Nf1 Be7
21. Rd3 Bg5 22. Ng3 g6 23. Ne2 Rf8 24. Qa3 f5 25. exf5 gxf5 26. Qa5 fxg4 27.
Ra3 a6 28. Bxb6 cxb6 29. Qxb6 gxf3 30. Ng3 Qc7 31. Rxa6 Qxb6 32. Rxb6 Bh4 33.
Ne4 f2 34. Rf1 Rg8 0-1

[Event "Ostravsky Konik 2021"]
[Site "Ostrava, Dům kultury města O"]
[Date "2021.08.07"]
[Round "1.7"]
[White "Brousek, Jiri"]
[Black "Cempel, Jaroslav"]
[Result "0-1"]
[WhiteElo "1810"]
[BlackElo "1981"]
[PlyCount "48"]
[EventDate "2021.??.??"]

1. d4 f5 2. Nc3 Nf6 3. Bg5 d5 4. e3 e6 5. Nf3 Be7 6. Bd3 O-O 7. O-O Nbd7 8. Ne5
Nxe5 9. dxe5 Ne4 10. Bxe7 Qxe7 11. Ne2 Nc5 12. c3 a5 13. b3 b6 14. Bb5 Bb7 15.
Nd4 Ne4 16. Qc2 c5 17. Ne2 Qc7 18. f3 Ng5 19. h4 Nf7 20. f4 Nh6 21. Ng3 Qe7 22.
Nh5 Qxh4 23. Be2 Ng4 24. Bxg4 fxg4 0-1

[ePGN "0.1;DGT LiveChess/2.2.5"]

[Event "Ostravsky Konik 2021"]
[Site "Ostrava, Dům kultury města O"]
[Date "2021.08.08"]
[Round "2.1"]
[White "Dobrovolsky, Ladislav"]
[Black "Berezjuk, Sergej"]
[Result "1/2-1/2"]
[WhiteElo "2238"]
[BlackElo "2409"]
[PlyCount "79"]
[EventDate "2021.??.??"]

1. c4 c5 2. Nf3 g6 3. Nc3 Bg7 4. d4 cxd4 5. Nxd4 Nc6 6. Nc2 Bxc3+ 7. bxc3 Qa5
8. e4 Nf6 9. f3 d6 10. Bd2 O-O 11. Be2 Ne5 12. Ne3 e6 13. O-O Qc5 14. Rb1 b6
15. Rb5 Qc7 16. Be1 Ba6 17. Rb4 Nfd7 18. Kh1 Nc6 19. Bg3 Nde5 20. f4 Nd7 21.
Rb2 Nc5 22. Bf3 Rad8 23. Rd2 Na5 24. Bh4 f6 25. Rd4 Qe7 26. e5 dxe5 27. fxe5 g5
28. exf6 Qxf6 29. Bh5 Rxd4 30. cxd4 Qe7 31. Rxf8+ Kxf8 32. Qf3+ Kg7 33. Qg4 Kh6
34. Bg3 Ne4 35. Qxe4 Kxh5 36. h4 Nxc4 37. Qf3+ Kg6 38. Qe4+ Kh5 39. Qf3+ Kg6
40. Qe4+ 1/2-1/2

[Event "Ostravsky Konik 2021"]
[Site "Ostrava, Dům kultury města O"]
[Date "2021.08.08"]
[Round "2.2"]
[White "Matyas, Marek"]
[Black "Michenka, Jozef"]
[Result "1/2-1/2"]
[WhiteElo "2369"]
[BlackElo "2300"]
[PlyCount "57"]
[EventDate "2021.??.??"]

1. e4 c5 2. Nf3 e6 3. d4 cxd4 4. Nxd4 Nc6 5. Nc3 Qc7 6. Be2 a6 7. Be3 Nf6 8. a3
d6 9. f4 Bd7 10. g4 Nxd4 11. Qxd4 Bc6 12. g5 e5 13. Qd3 exf4 14. gxf6 fxe3 15.
Qxe3 O-O-O 16. Qh3+ Kb8 17. O-O-O gxf6 18. Rhf1 f5 19. Qxf5 Bg7 20. Nd5 Bxd5
21. Qxd5 Qb6 22. c3 Rhf8 23. Rd3 Be5 24. Rh3 Rc8 25. Rxf7 Rxf7 26. Qxf7 Qg1+
27. Kc2 Rc7 28. Qf8+ Ka7 29. Qf1 1/2-1/2

[Event "Ostravsky Konik 2021"]
[Site "Ostrava, Dům kultury města O"]
[Date "2021.08.08"]
[Round "2.3"]
[White "Neuhoff, Laertes"]
[Black "Hausner, Ivan"]
[Result "0-1"]
[WhiteElo "1847"]
[BlackElo "2336"]
[PlyCount "84"]
[EventDate "2021.??.??"]

1. e4 Nf6 2. e5 Nd5 3. c4 Nb6 4. d4 d6 5. exd6 cxd6 6. Nc3 g6 7. Be3 Bg7 8. Rc1
Nc6 9. b3 O-O 10. Nf3 Bg4 11. Be2 e5 12. dxe5 dxe5 13. O-O Re8 14. c5 e4 15.
Qxd8 Raxd8 16. cxb6 exf3 17. gxf3 Bh3 18. Rfe1 axb6 19. Bb5 Bxc3 20. Rxc3 Nd4
21. Bxe8 Nxf3+ 22. Kh1 Nxe1 23. Bb5 Nc2 24. Rd3 Rxd3 25. Bxd3 Nxe3 26. fxe3 Bd7
27. Kg2 Kg7 28. a4 Kf6 29. Kf3 Ke5 30. h4 Bc6+ 31. Kg4 h6 32. Bc2 Be4 33. Bd1
f5+ 34. Kg3 g5 35. h5 Kd5 36. Kf2 Kc5 37. Ke2 Kb4 38. Kd2 g4 39. Ke1 Kc3 40.
Kf2 Bc2 41. Be2 Bd3 42. Bd1 Kd2 0-1

[Event "Ostravsky Konik 2021"]
[Site "Ostrava, Dům kultury města O"]
[Date "2021.08.08"]
[Round "2.4"]
[White "Vesselovsky, Serguei"]
[Black "Kula, Dominik"]
[Result "1-0"]
[WhiteElo "2316"]
[BlackElo "2203"]
[PlyCount "71"]
[EventDate "2021.??.??"]

1. e4 e5 2. Nf3 Nc6 3. Bb5 Nf6 4. Nc3 d6 5. d4 exd4 6. Nxd4 Bd7 7. O-O Be7 8.
Re1 Nxd4 9. Qxd4 Bxb5 10. Nxb5 a6 11. Nc3 O-O 12. Bg5 h6 13. Bh4 Nd7 14. Bxe7
Qxe7 15. Nd5 Qe5 16. Qxe5 Nxe5 17. c3 c6 18. Ne7+ Kh7 19. Nf5 Nd3 20. Re2 d5
21. exd5 Nf4 22. Re7 cxd5 23. g3 Nd3 24. Rxb7 Rab8 25. Rxb8 Rxb8 26. b3 Rc8 27.
c4 dxc4 28. Nd6 Rc6 29. Nxc4 Re6 30. Rd1 Nc5 31. Kg2 g5 32. Rd5 Rc6 33. Ne5 Rc7
34. Nxf7 Ne4 35. Nd6 Nc3 36. Ra5 1-0

[Event "Ostravsky Konik 2021"]
[Site "Ostrava, Dům kultury města O"]
[Date "2021.08.08"]
[Round "2.5"]
[White "Fargac, Martin"]
[Black "Havelka, Ondrej"]
[Result "1-0"]
[WhiteElo "2285"]
[BlackElo "2160"]
[PlyCount "79"]
[EventDate "2021.??.??"]

1. d4 e6 2. c4 d5 3. Nf3 Be7 4. Nc3 Nf6 5. Bf4 O-O 6. e3 Nbd7 7. c5 Ne4 8. Nxe4
dxe4 9. Ne5 Nxe5 10. Bxe5 b6 11. Qc2 Qd5 12. Bc4 Qc6 13. b4 b5 14. Bb3 a5 15.
bxa5 Bb7 16. O-O Rxa5 17. f3 exf3 18. Rxf3 Qd7 19. d5 Bxd5 20. Bxd5 Qxd5 21.
Bxg7 Rfa8 22. Bb2 Rxa2 23. Raf1 f5 24. Qc3 Kf7 25. Qg7+ Ke8 26. c6 Bf8 27. Qf6
Rxb2 28. Qxb2 Ra2 29. Qb1 b4 30. Kh1 Bd6 31. e4 fxe4 32. Re3 Qd2 33. Qxe4 e5
34. Rg3 Qf2 35. Rg8+ Ke7 36. Rg7+ Kf8 37. Rxf2+ Rxf2 38. Qe1 Rf4 39. Rxh7 b3
40. g3 1-0

[Event "Ostravsky Konik 2021"]
[Site "Ostrava, Dům kultury města O"]
[Date "2021.08.08"]
[Round "2.6"]
[White "Cempel, Jaroslav"]
[Black "Vizner, Jaroslav"]
[Result "1-0"]
[WhiteElo "1981"]
[BlackElo "1897"]
[PlyCount "39"]
[EventDate "2021.??.??"]

1. d4 d5 2. Bg5 h6 3. Bh4 Nf6 4. e3 e6 5. Bd3 Be7 6. Nd2 b6 7. Ngf3 Bb7 8. Ne5
c6 9. f4 Nbd7 10. O-O Qc7 11. Qe2 a6 12. Bg3 Bd6 13. e4 O-O 14. Nxd7 Nxd7 15.
e5 Be7 16. f5 Rfe8 17. fxe6 fxe6 18. Qg4 Bg5 19. Nf3 Bd8 20. Bg6 1-0

[Event "Ostravsky Konik 2021"]
[Site "Ostrava, Dům kultury města O"]
[Date "2021.08.08"]
[Round "2.7"]
[White "Briza, Jiri"]
[Black "Jarolim, Jan"]
[Result "0-1"]
[WhiteElo "1852"]
[BlackElo "1978"]
[PlyCount "80"]
[EventDate "2021.??.??"]

1. e4 e5 2. Nf3 Nc6 3. Bb5 a6 4. Ba4 Nf6 5. Nc3 Bb4 6. O-O O-O 7. Nd5 Nxd5 8.
exd5 Ne7 9. Nxe5 Nxd5 10. f4 d6 11. Nd3 Ba5 12. Bb3 Nf6 13. Nf2 Bb6 14. d4 d5
15. c3 Bf5 16. Bc2 Bxc2 17. Qxc2 Re8 18. Bd2 Qd7 19. Rae1 Rad8 20. b4 Qc6 21.
Qd1 Ne4 22. Nxe4 Rxe4 23. Kh1 f5 24. Rf3 Rde8 25. Rxe4 Rxe4 26. a4 Qe6 27. h3
c6 28. Qc1 Bc7 29. Re3 Kf7 30. Rxe4 Qxe4 31. Be3 Kf6 32. Kg1 Kf7 33. Kf2 Qd3
34. g4 g6 35. g5 a5 36. Qb2 axb4 37. cxb4 Qe4 38. b5 Bxf4 39. Bxf4 Qxf4+ 40.
Ke1 Qg3+ 0-1

[ePGN "0.1;DGT LiveChess/2.2.5"]

[Event "Ostravsky Konik 2021"]
[Site "Ostrava, Dům kultury města O"]
[Date "2021.08.09"]
[Round "3.2"]
[White "Berezjuk, Sergej"]
[Black "Fargac, Martin"]
[Result "1/2-1/2"]
[WhiteElo "2409"]
[BlackElo "2285"]
[PlyCount "62"]
[EventDate "2021.??.??"]

1. e4 e5 2. Nf3 Nc6 3. Bb5 a6 4. Ba4 Nf6 5. d3 Bc5 6. Be3 Bxe3 7. fxe3 O-O 8.
O-O d5 9. exd5 Nxd5 10. Qd2 b5 11. Bb3 Be6 12. Nc3 h6 13. Kh1 Nxc3 14. Qxc3 Qd6
15. Nh4 Ne7 16. e4 Rac8 17. Nf5 Nxf5 18. exf5 Bxb3 19. axb3 f6 20. Qe1 c5 21.
Qe4 Rc6 22. h3 Rfc8 23. Rfd1 Qd7 24. Rd2 Rd6 25. c3 Rd8 26. Rad1 Kh7 27. Kg1
Qf7 28. b4 cxb4 29. Qxb4 Qa7+ 30. Kf1 Qe3 31. Qg4 Rxd3 1/2-1/2

[Event "Ostravsky Konik 2021"]
[Site "Ostrava, Dům kultury města O"]
[Date "2021.08.09"]
[Round "3.3"]
[White "Dobrovolsky, Ladislav"]
[Black "Matyas, Marek"]
[Result "1-0"]
[WhiteElo "2238"]
[BlackElo "2369"]
[PlyCount "97"]
[EventDate "2021.??.??"]

1. c4 c5 2. Nf3 Nc6 3. d4 cxd4 4. Nxd4 g6 5. e4 Bg7 6. Nc2 d6 7. Be2 Qb6 8. Nd2
Nf6 9. O-O O-O 10. Rb1 a5 11. b3 a4 12. b4 Be6 13. Bb2 a3 14. Ba1 Rfc8 15. Kh1
Nd7 16. Bxg7 Kxg7 17. f4 Nf6 18. Rf3 Nd4 19. Qg1 Nxf3 20. Qxb6 Nxd2 21. Re1
Nxc4 22. Qd4 Kg8 23. f5 Ne5 24. fxe6 Rxc2 25. exf7+ Kf8 26. Qb6 Rac8 27. Bd1
Rc1 28. Qe3 Nxf7 29. Bb3 R1c3 30. Qd2 Kg7 31. h3 Ne5 32. Qd4 R8c7 33. Qa7 Nd3
34. Rf1 Nxb4 35. Qxa3 Nd3 36. Qa4 Rc1 37. Rxc1 Rxc1+ 38. Kh2 Nc5 39. Qb4 Nfxe4
40. Bd5 Nf6 41. Bxb7 e5 42. Qd2 Ra1 43. Qxd6 Nfd7 44. Bd5 Rd1 45. Qe7+ Kh6 46.
Bg8 Ne4 47. Qxh7+ Kg5 48. Bf7 Kf4 49. Bxg6 1-0

[Event "Ostravsky Konik 2021"]
[Site "Ostrava, Dům kultury města O"]
[Date "2021.08.09"]
[Round "3.4"]
[White "Michenka, Jozef"]
[Black "Sobek, Jaroslav"]
[Result "1-0"]
[WhiteElo "2300"]
[BlackElo "2198"]
[PlyCount "67"]
[EventDate "2021.??.??"]

1. d4 d5 2. c4 e6 3. Nf3 c6 4. e3 Nf6 5. Nbd2 Nbd7 6. Bd3 Bd6 7. O-O O-O 8. e4
dxe4 9. Nxe4 Nxe4 10. Bxe4 h6 11. Bc2 Re8 12. Qd3 Nf8 13. Be3 b6 14. Rad1 Bb7
15. c5 Bc7 16. Rfe1 bxc5 17. Qb3 Qb8 18. dxc5 e5 19. Be4 Re6 20. Nh4 Ba6 21.
Qc3 Qb5 22. a3 Qc4 23. Qxc4 Bxc4 24. b4 Rb8 25. Nf5 a5 26. Bd2 axb4 27. axb4
Nh7 28. Bxc6 Bd3 29. Be4 Bxe4 30. Rxe4 Nf6 31. Rc4 Ra6 32. Bc3 g6 33. Nxh6+ Kg7
34. Ng4 1-0

[Event "Ostravsky Konik 2021"]
[Site "Ostrava, Dům kultury města O"]
[Date "2021.08.09"]
[Round "3.5"]
[White "Kula, Dominik"]
[Black "Splichal, Stanislav"]
[Result "1/2-1/2"]
[WhiteElo "2203"]
[BlackElo "2060"]
[PlyCount "134"]
[EventDate "2021.??.??"]

1. d4 Nf6 2. Nf3 d5 3. Bf4 e6 4. Nbd2 Bd6 5. Bg5 Nbd7 6. e3 h6 7. Bh4 O-O 8.
Bd3 e5 9. dxe5 Nxe5 10. Nxe5 Bxe5 11. c3 Bd6 12. h3 Re8 13. Qf3 Be7 14. O-O-O
Be6 15. Rhg1 Qd7 16. g4 Ne4 17. Bxe7 Nxd2 18. Rxd2 Qxe7 19. g5 hxg5 20. Qh5 Qf6
21. Rxg5 Kf8 22. f4 Qh6 23. Qxh6 gxh6 24. Rh5 Ke7 25. f5 Bd7 26. e4 Rh8 27.
exd5 Rag8 28. Rh4 Rg5 29. Rf2 h5 30. Kd2 Kd6 31. b4 Re8 32. c4 b6 33. Kc3 Re1
34. Kd4 c5+ 35. dxc6 Bxc6 36. c5+ bxc5+ 37. bxc5+ Kd7 38. Be4 f6 39. Rd2 Kc7
40. Rf4 Rc1 41. Bd5 Re1 42. Re4 Rxe4+ 43. Bxe4 Rg1 44. Rd3 Rf1 45. Bxc6 Kxc6
46. Ra3 Rd1+ 47. Ke3 Kxc5 48. Rxa7 Rh1 49. Kf4 Rxh3 50. Ra6 Rh4+ 51. Kg3 Rg4+
52. Kf3 Kd5 53. Rxf6 Ke5 54. Rf8 Ra4 55. Kg3 Rxa2 56. Kh4 Rf2 57. Kg5 Rg2+ 58.
Kxh5 Rh2+ 59. Kg4 Rg2+ 60. Kh4 Rf2 61. Re8+ Kf6 62. Kg4 Rg2+ 63. Kf3 Rg5 64.
Rf8+ Ke5 65. f6 Rf5+ 66. Ke3 Rxf6 67. Rxf6 Kxf6 1/2-1/2

[Event "Ostravsky Konik 2021"]
[Site "Ostrava, Dům kultury města O"]
[Date "2021.08.09"]
[Round "3.6"]
[White "Trombik, Karel"]
[Black "Cempel, Jaroslav"]
[Result "0-1"]
[WhiteElo "1941"]
[BlackElo "1981"]
[PlyCount "143"]
[EventDate "2021.??.??"]

1. d4 f5 2. Nd2 Nf6 3. Ngf3 b6 4. e3 Bb7 5. Be2 e6 6. O-O Be7 7. c4 O-O 8. b3
Ne4 9. Bb2 Bf6 10. Qc2 Qe8 11. Rad1 Qg6 12. Ne1 Nxd2 13. Qxd2 d6 14. Bf3 Bxf3
15. Nxf3 Nd7 16. Rfe1 Rae8 17. Qc2 e5 18. dxe5 Bxe5 19. Bxe5 Nxe5 20. Nxe5 Rxe5
21. g3 Qg4 22. Qd2 Rfe8 23. Qe2 Qe4 24. Qd3 Qf3 25. Qe2 Qc6 26. a4 R8e6 27. Rd4
Rf6 28. Qd3 Qe8 29. Rd5 Re4 30. Rd1 a5 31. Qf1 Qf7 32. Qg2 Rfe6 33. Qf3 g6 34.
Kg2 Qf6 35. R5d4 Kg7 36. h4 h6 37. R1d2 Re8 38. Rd5 h5 39. R5d3 R8e7 40. Qd1
R4e5 41. Rd4 Re4 42. Qc2 Kh7 43. Qd1 Rg4 44. Qf3 Qxh4 45. Qd5 Rxd4 46. Rxd4 Qf6
47. Qf3 Qe6 48. Kh2 Qe5 49. Qd1 Qf6 50. Qf3 Kg7 51. Qd1 Re5 52. Qd2 Kh7 53. Qd1
Qe7 54. Qf3 Re4 55. Kg1 Rxd4 56. exd4 Qe1+ 57. Kh2 Qe4 58. Qc3 f4 59. d5 fxg3+
60. fxg3 Qe2+ 61. Kg1 Qe5 62. Qf3 Kg7 63. Kg2 Qe1 64. Qd3 Qe7 65. Kh3 Qe5 66.
Kg2 Qf6 67. Qe3 Qb2+ 68. Kh3 Qe5 69. Qd2 g5 70. Qd3 Kf6 71. g4 hxg4+ 72. Kxg4
0-1

[Event "Ostravsky Konik 2021"]
[Site "Ostrava, Dům kultury města O"]
[Date "2021.08.09"]
[Round "3.7"]
[White "Jarolim, Jan"]
[Black "Keprt, Pavel"]
[Result "1-0"]
[WhiteElo "1978"]
[BlackElo "1916"]
[PlyCount "53"]
[EventDate "2021.??.??"]

1. Nf3 f5 2. b3 Nf6 3. e3 e6 4. Bb2 d5 5. Be2 Bd6 6. c4 c6 7. Qc2 O-O 8. O-O a5
9. a3 Qe7 10. d4 Nbd7 11. Nbd2 Ne4 12. Ne5 Nxd2 13. Qxd2 Nxe5 14. dxe5 Bc5 15.
cxd5 exd5 16. f4 Be6 17. Kh1 Rfd8 18. Rg1 Bb6 19. Bf3 c5 20. g4 d4 21. gxf5
dxe3 22. Qxe3 Bxf5 23. e6 g6 24. Qe5 Bxe6 25. f5 Kf7 26. fxe6+ Qxe6 27. Qg7+
1-0

[ePGN "0.1;DGT LiveChess/2.2.5"]

[Event "Ostravsky Konik 2021"]
[Site "Ostrava, Dům kultury města O"]
[Date "2021.08.10"]
[Round "4.2"]
[White "Vesselovsky, Serguei"]
[Black "Dobrovolsky, Ladislav"]
[Result "1/2-1/2"]
[WhiteElo "2316"]
[BlackElo "2238"]
[PlyCount "67"]
[EventDate "2021.??.??"]

1. e4 c5 2. Nc3 Nc6 3. Bb5 Nd4 4. Bc4 d6 5. Nge2 Nf6 6. d3 e6 7. O-O Be7 8.
Nxd4 cxd4 9. Ne2 Qb6 10. c3 dxc3 11. Nxc3 O-O 12. Bb3 Bd7 13. Be3 Qa5 14. f4
Rac8 15. g4 d5 16. g5 Ne8 17. f5 dxe4 18. dxe4 Rd8 19. Qe1 Bc5 20. Rd1 Nc7 21.
f6 gxf6 22. gxf6 Kh8 23. Kh1 Bxe3 24. Qxe3 Qe5 25. Qh6 Rg8 26. Rg1 Bc6 27. Rg7
Rxd1+ 28. Bxd1 Bxe4+ 29. Kg1 Ne8 30. Rxg8+ Kxg8 31. Qe3 Nxf6 32. Bf3 b6 33.
Bxe4 Qxh2+ 34. Kxh2 1/2-1/2

[Event "Ostravsky Konik 2021"]
[Site "Ostrava, Dům kultury města O"]
[Date "2021.08.10"]
[Round "4.3"]
[White "Havelka, Ondrej"]
[Black "Berezjuk, Sergej"]
[Result "0-1"]
[WhiteElo "2160"]
[BlackElo "2409"]
[PlyCount "52"]
[EventDate "2021.??.??"]

1. d4 d5 2. c4 e6 3. Nf3 c6 4. e3 Nd7 5. b3 f5 6. Bb2 Ngf6 7. Nc3 Bd6 8. Qc2
Ne4 9. g4 Nxc3 10. Bxc3 fxg4 11. Ne5 Qh4 12. Rg1 Bxe5 13. dxe5 O-O 14. Rg2 Qh5
15. O-O-O Nxe5 16. f4 gxf3 17. Rg3 Ng6 18. Qb2 Rf7 19. e4 Bd7 20. Qd2 dxe4 21.
Bh3 f2 22. Qe3 Raf8 23. Bf1 e5 24. Qxe4 Qxh2 25. Rxg6 hxg6 26. Bxe5 Re8 0-1

[Event "Ostravsky Konik 2021"]
[Site "Ostrava, Dům kultury města O"]
[Date "2021.08.10"]
[Round "4.4"]
[White "Fargac, Martin"]
[Black "Neumann, Filip"]
[Result "0-1"]
[WhiteElo "2285"]
[BlackElo "1965"]
[PlyCount "80"]
[EventDate "2021.??.??"]

1. d4 Nf6 2. c4 e6 3. Nc3 d5 4. Nf3 c6 5. Bg5 dxc4 6. e4 b5 7. e5 h6 8. Bh4 g5
9. Nxg5 hxg5 10. Bxg5 Be7 11. exf6 Bxf6 12. Bxf6 Qxf6 13. Be2 Rh4 14. Bf3 Rxd4
15. Qe2 b4 16. Ne4 Qe5 17. O-O Ba6 18. Qe3 Rd3 19. Qc5 Qxc5 20. Nxc5 Rd5 21.
Bxd5 cxd5 22. Rfe1 Ke7 23. a3 b3 24. Rad1 Kd6 25. Ne4+ Ke7 26. Nc3 Kd6 27. h4
Nd7 28. h5 Rh8 29. Ne4+ Ke7 30. Ng3 Kd6 31. Re4 Nc5 32. Rh4 Nd3 33. Rd2 c3 34.
bxc3 b2 35. Rd1 Bc4 36. Rd4 Nc1 37. Ne4+ Ke7 38. Nd2 Ne2+ 39. Kf1 Nxd4+ 40.
Nxc4 dxc4 0-1

[Event "Ostravsky Konik 2021"]
[Site "Ostrava, Dům kultury města O"]
[Date "2021.08.10"]
[Round "4.5"]
[White "Matyas, Marek"]
[Black "Taus, Martin"]
[Result "1-0"]
[WhiteElo "2369"]
[BlackElo "2099"]
[PlyCount "155"]
[EventDate "2021.??.??"]

1. d4 e6 2. e4 d5 3. Nc3 Nc6 4. e5 Nge7 5. Nf3 Nf5 6. Bb5 Bd7 7. Bg5 Be7 8. h4
h6 9. Bxe7 Nfxe7 10. h5 Nc8 11. Qd2 Nb6 12. b3 Qe7 13. Rh4 Qa3 14. Rg4 Rg8 15.
Bd3 Qf8 16. Nd1 a5 17. a4 Nb4 18. c3 Nxd3+ 19. Qxd3 f5 20. Rh4 g5 21. hxg6 Rxg6
22. g3 O-O-O 23. Ne3 Qg7 24. Kd2 Be8 25. Rah1 Nd7 26. Ng2 Qe7 27. Nf4 Rg7 28.
Rxh6 Bf7 29. Rh7 Rgg8 30. Ne1 Kb8 31. Neg2 c5 32. Ne3 Nf8 33. R7h6 cxd4 34.
cxd4 Rc8 35. Rc1 Rxc1 36. Kxc1 Ng6 37. Ne2 Rc8+ 38. Kb2 Be8 39. Qd2 Qc7 40. f4
Qb6 41. Nc3 Qc7 42. Nc2 Qg7 43. Rh3 Bc6 44. Qh2 Rh8 45. Rxh8+ Qxh8 46. Qxh8+
Nxh8 47. Ne3 Be8 48. g4 fxg4 49. Nxg4 Ng6 50. Nf6 Bf7 51. f5 Ne7 52. fxe6 Bxe6
53. Kc2 Kc7 54. Kd3 Kc6 55. Ne2 Bf5+ 56. Kc3 Ng6 57. Ng3 Bh3 58. Ngh5 Bc8 59.
Ne8 Bg4 60. Nhf6 Bf5 61. Ng7 Bh3 62. Kd3 Nf4+ 63. Ke3 Ne6 64. Nxe6 Bxe6 65. Kd3
Bf5+ 66. Kc3 Bh3 67. Nh5 Bf5 68. Nf4 Be4 69. b4 axb4+ 70. Kxb4 b6 71. a5 bxa5+
72. Kxa5 Bf3 73. Nd3 Kd7 74. Nb4 Ke6 75. Kb5 Be2+ 76. Kc5 Bc4 77. Nc2 Bd3 78.
Na3 1-0

[Event "Ostravsky Konik 2021"]
[Site "Ostrava, Dům kultury města O"]
[Date "2021.08.10"]
[Round "4.6"]
[White "Cempel, Jaroslav"]
[Black "Pavera, Vit"]
[Result "1-0"]
[WhiteElo "1981"]
[BlackElo "1959"]
[PlyCount "55"]
[EventDate "2021.??.??"]

1. d4 Nf6 2. Nf3 g6 3. Nc3 d5 4. g3 Bg7 5. Bg2 O-O 6. O-O Nbd7 7. Bf4 Re8 8.
Nb5 e5 9. Nxe5 Nh5 10. Nd3 Nxf4 11. Nxf4 Nb6 12. e3 c6 13. Nc3 Nc4 14. b3 Nd6
15. Qd2 Bf5 16. Rac1 h5 17. h4 g5 18. hxg5 Qxg5 19. Qd1 Bg4 20. Bf3 f5 21. Kg2
Kf7 22. Rh1 Rh8 23. Rh4 Bf6 24. Ncxd5 Ne4 25. Nxf6 Nxf6 26. Qe2 Bxf3+ 27. Qxf3
Rag8 28. Rch1 1-0

[Event "Ostravsky Konik 2021"]
[Site "Ostrava, Dům kultury města O"]
[Date "2021.08.10"]
[Round "4.7"]
[White "Kopcova, Ludmila"]
[Black "Jarolim, Jan"]
[Result "1/2-1/2"]
[WhiteElo "1915"]
[BlackElo "1978"]
[PlyCount "61"]
[EventDate "2021.??.??"]

1. d4 d5 2. c4 e6 3. Nc3 Nf6 4. cxd5 exd5 5. Bg5 Be7 6. e3 O-O 7. Bd3 b6 8. Qc2
h6 9. Bf4 Ba6 10. Nf3 Bxd3 11. Qxd3 Bd6 12. Bxd6 Qxd6 13. O-O c6 14. Rfd1 Nbd7
15. Nh4 Rfe8 16. Qe2 Ne4 17. Nxe4 Rxe4 18. Nf5 Qg6 19. Qf3 Qf6 20. Rac1 Rc8 21.
Qh3 Re6 22. Rc3 Nf8 23. Ng3 Rce8 24. Nh5 Qe7 25. Nf4 Rf6 26. g3 Rd6 27. Qf5 Ne6
28. Nxe6 fxe6 29. Qe5 Rf8 30. Qf5 Re8 31. Qc2 1/2-1/2

[ePGN "0.1;DGT LiveChess/2.2.5"]

[Event "Ostravsky Konik 2021"]
[Site "Ostrava, Dům kultury města O"]
[Date "2021.08.11"]
[Round "5.1"]
[White "Berezjuk, Sergej"]
[Black "Michenka, Jozef"]
[Result "1/2-1/2"]
[WhiteElo "2409"]
[BlackElo "2300"]
[PlyCount "75"]
[EventDate "2021.??.??"]

1. e4 c5 2. Nc3 Nc6 3. Bb5 Nd4 4. Nf3 Nxb5 5. Nxb5 d6 6. c4 e5 7. d3 Be7 8. a3
Nf6 9. Nd2 O-O 10. Nf1 Ne8 11. Ne3 Bg5 12. O-O a6 13. Nc3 Nc7 14. b4 b6 15. Rb1
Be6 16. Bd2 Rb8 17. Qc2 Qd7 18. bxc5 bxc5 19. Rb2 Rxb2 20. Qxb2 Bxe3 21. Bxe3
f5 22. f4 fxe4 23. Nxe4 exf4 24. Bxf4 Ne8 25. Qb8 Bf5 26. Bxd6 Nxd6 27. Qxd6
Qxd6 28. Nxd6 Bxd3 29. Rd1 Be2 30. Re1 Bd3 31. h3 Rd8 32. Re6 h6 33. Kf2 Rb8
34. Re5 Rd8 35. Re6 Rb8 36. Re5 Rd8 37. Re6 Rb8 38. Re5 1/2-1/2